Prénoms féminins les plus donnés en 2019 - Statistiques

Statistiques générales
  • Ce quiz a été pris 2 322 fois
  • Le résultat moyen est 55 sur 100
Statistiques - réponses
Ordre Première lettre Réponse % Correct
1 E Emma
94%
12 L Lou
94%
6 L Léa
91%
10 A Anna
87%
4 C Chloé
86%
69 M Marie
86%
2 J Jade
85%
3 L Louise
85%
23 Z Zoé
84%
35 J Juliette
81%
36 C Camille
80%
11 M Manon
79%
19 C Clara
78%
5 A Alice
76%
27 J Julia
76%
46 L Léana
74%
95 S Sara
74%
63 L Lisa
73%
18 L Lucie
72%
67 A Ana
71%
8 L Lola
71%
9 R Rose
71%
30 I Ines
70%
52 L Laura
70%
39 C Charlotte
69%
31 L Léna
69%
33 R Romane
69%
49 E Élise
68%
38 J Jeanne
68%
14 L Lina
68%
16 E Éva
66%
15 N Nina
66%
44 M Mathilde
63%
53 V Valentine
63%
50 S Sarah
62%
61 J Justine
61%
48 O Olivia
61%
60 V Victoire
60%
40 L Lilou
59%
59 L Lise
59%
73 A Alicia
58%
62 C Clémence
58%
64 O Océane
58%
20 L Louna
57%
26 M Margaux
57%
34 V Victoria
57%
57 G Gabrielle
56%
42 L Lily
56%
7 M Mia
56%
45 N Noémie
56%
13 A Ambre
55%
25 H Héloïse
55%
54 M Margot
55%
22 M Mila
55%
17 A Ànaïs
54%
100 E Éloïse
54%
56 L Louane
54%
47 L Luna
53%
37 E Éléna
52%
51 I Iris
52%
58 L Lila
52%
79 M Maëlle
52%
21 M Maëlys
50%
90 T Théa
49%
24 A Agathe
48%
83 C Célia
48%
87 L Lana
48%
41 E Elsa
45%
29 A Adèle
43%
98 L Laure
43%
55 R Romy
43%
28 L Léonie
42%
71 C Charlie
41%
32 E Émy
41%
89 M Maéva
39%
81 A Alix
37%
65 F Faustine
36%
76 G Giulia
36%
68 C Capucine
35%
80 E Émmy
35%
86 A Amélia
34%
66 E Élina
34%
82 M Maya
34%
70 R Roxane
34%
85 M Méline
33%
72 S Salomé
33%
78 T Thaïs
33%
77 E Ella
32%
43 M Mya
32%
94 A Andréa
29%
97 A Axelle
29%
96 A Alexandra
28%
88 F Fiona
28%
91 A Apolline
27%
74 S Soline
27%
92 C Candice
26%
93 A Audrey
25%
75 L Lyana
16%
84 L Lucy
14%
99 E Elyna
9%
Aucun quiz correspondant
Distribution des résultats
% des personnes avec chaque résultat
Percentile par nombre de réponses
Votre historique - résultats
Vous n’avez pas pris ce quiz